000 00291nam a2200133Ia 4500
003 OSt
005 20240210122605.0
008 170524s9999 xx 000 0 und d
020 _a8170296897
040 _cIIMT UNIVERSITY
100 _aTAXALI- R.K.
245 0 _aFOX PRO 2.5
942 _2ddc
_c02
999 _c3586
_d3586